[Event "EYCC 2024 - G14"]
[Site "?"]
[Date "2024.08.30"]
[Round "8.1"]
[White "Mgeladze, Kesaria"]
[Black "Vujovic, Vera"]
[Result "0-1"]
[BlackElo "2175"]
[WhiteElo "2152"]
[LiveChessVersion "1.4.8"]

1. e4 {[%clk 1:30:57]} e5 {[%clk 1:30:57]} 2. Nf3 {[%clk 1:31:22]} Nc6
{[%clk 1:31:24]} 3. Bb5 {[%clk 1:31:47]} a6 {[%clk 1:31:51]} 4. Ba4
{[%clk 1:32:12]} Nf6 {[%clk 1:32:17]} 5. O-O {[%clk 1:32:35]} b5 {[%clk 1:32:46]}
6. Bb3 {[%clk 1:32:59]} Bc5 {[%clk 1:33:12]} 7. a4 {[%clk 1:33:09]} Bb7
{[%clk 1:33:34]} 8. d3 {[%clk 1:33:27]} d6 {[%clk 1:33:59]} 9. axb5
{[%clk 1:33:37]} axb5 {[%clk 1:34:25]} 10. Rxa8 {[%clk 1:34:04]} Bxa8
{[%clk 1:34:51]} 11. Bg5 {[%clk 1:34:16]} h6 {[%clk 1:06:55]} 12. Bxf6
{[%clk 1:34:37]} Qxf6 {[%clk 1:07:09]} 13. Nc3 {[%clk 1:34:56]} b4
{[%clk 1:02:58]} 14. Nd5 {[%clk 1:35:16]} Qd8 {[%clk 1:03:23]} 15. c3
{[%clk 1:35:24]} bxc3 {[%clk 0:54:17]} 16. bxc3 {[%clk 1:34:36]} Ne7
{[%clk 0:49:33]} 17. d4 {[%clk 1:12:02]} Bxd5 {[%clk 0:44:30]} 18. exd5
{[%clk 1:11:10]} exd4 {[%clk 0:44:52]} 19. Nxd4 {[%clk 0:52:44]} O-O
{[%clk 0:43:37]} 20. Qd3 {[%clk 0:52:29]} Ng6 {[%clk 0:14:25]} 21. Bc2
{[%clk 0:30:09]} Qf6 {[%clk 0:13:38]} 22. Nf5 {[%clk 0:29:58]} Re8
{[%clk 0:13:26]} 23. g3 {[%clk 0:29:00]} Ne5 {[%clk 0:06:25]} 24. Qb5
{[%clk 0:11:13]} Kf8 {[%clk 0:05:06]} 25. Kg2 {[%clk 0:06:06]} g6
{[%clk 0:01:45]} 26. Nd4 {[%clk 0:06:02]} Bxd4 {[%clk 0:00:51]} 27. cxd4
{[%clk 0:06:27]} Nf3 {[%clk 0:00:53]} 28. Ba4 {[%clk 0:06:14]} Re7
{[%clk 0:00:48]} 29. Rd1 {[%clk 0:04:38]} Ne1+ {[%clk 0:00:34]} 30. Kg1
{[%clk 0:03:56]} Nf3+ {[%clk 0:00:49]} 31. Kg2 {[%clk 0:04:21]} Ne1+
{[%clk 0:00:34]} 32. Kg1 {[%clk 0:04:47]} Qf3 {[%clk 0:00:44]} 33. Qf1
{[%clk 0:04:59]} Qc3 {[%clk 0:01:03]} 34. h4 {[%clk 0:03:38]} Kg7
{[%clk 0:00:38]} 35. Bb5 {[%clk 0:02:47]} Nf3+ {[%clk 0:00:40]} 36. Kg2
{[%clk 0:03:11]} Nxd4 {[%clk 0:00:39]} 37. Qd3 {[%clk 0:01:33]} Qxd3
{[%clk 0:00:57]} 38. Bxd3 {[%clk 0:01:59]} Nb3 {[%clk 0:01:11]} 39. Bb5
{[%clk 0:01:49]} Nc5 {[%clk 0:01:03]} 40. Kf3 {[%clk 0:02:10]} Ne4
{[%clk 0:00:51]} 41. Bc6 {[%clk 0:02:06]} f5 {[%clk 0:00:55]} 42. Rd3
{[%clk 0:02:09]} Kf6 {[%clk 0:01:06]} 43. Kg2 {[%clk 0:01:49]} g5
{[%clk 0:01:03]} 44. hxg5+ {[%clk 0:02:11]} hxg5 {[%clk 0:01:29]} 45. Rd1
{[%clk 0:01:46]} Ke5 {[%clk 0:00:57]} 46. Re1 {[%clk 0:01:24]} g4
{[%clk 0:01:14]} 47. f3 {[%clk 0:01:10]} gxf3+ {[%clk 0:01:40]} 48. Kxf3
{[%clk 0:01:38]} Rg7 {[%clk 0:01:43]} 49. Rg1 {[%clk 0:02:03]} Rg4
{[%clk 0:02:02]} 50. Bb7 {[%clk 0:01:41]} Ng5+ {[%clk 0:00:38]} 51. Ke2
{[%clk 0:01:24]} Rb4 {[%clk 0:00:36]} 52. Bc6 {[%clk 0:01:45]} Ke4
{[%clk 0:00:36]} 53. Re1 {[%clk 0:01:45]} Nf3 {[%clk 0:00:44]} 54. Rc1
{[%clk 0:01:50]} Rb2+ {[%clk 0:01:02]} 55. Kf1 {[%clk 0:02:16]} Rb1
{[%clk 0:01:20]} 56. Rxb1 {[%clk 0:02:29]} Nd2+ {[%clk 0:01:48]} 57. Kf2
{[%clk 0:02:39]} Nxb1 {[%clk 0:02:13]} 58. g4 {[%clk 0:03:00]} fxg4
{[%clk 0:02:37]} 59. Kg3 {[%clk 0:03:25]} Nc3 {[%clk 0:02:38]} 60. Kxg4
{[%clk 0:03:47]} Nxd5 {[%clk 0:02:58]} 61. Kg3 {[%clk 0:04:08]} Kd4
{[%clk 0:02:59]} 62. Kf3 {[%clk 0:04:34]} Nb4 {[%clk 0:03:24]} 63. Ba4
{[%clk 0:04:51]} Kc3 {[%clk 0:03:38]} 64. Ke2 {[%clk 0:05:16]} d5
{[%clk 0:03:39]} 65. Kd1 {[%clk 0:05:40]} d4 {[%clk 0:04:06]} 66. Bb5
{[%clk 0:05:59]} d3 {[%clk 0:04:32]} 67. Ba4 {[%clk 0:06:21]} d2 {[%clk 0:04:56]}
68. Bb5 {[%clk 0:06:46]} Nc2 {[%clk 0:05:21]} 0-1

[Event "EYCC 2024 - G14"]
[Site "?"]
[Date "2024.08.30"]
[Round "8.2"]
[White "Kalandadze, Mariam"]
[Black "Kuznecova, Marija"]
[Result "1-0"]
[BlackElo "2174"]
[WhiteElo "1826"]
[LiveChessVersion "1.4.8"]

1. d4 {[%clk 1:30:58]} d5 {[%clk 1:30:52]} 2. c4 {[%clk 1:31:24]} e6
{[%clk 1:31:13]} 3. Nf3 {[%clk 1:31:49]} a6 {[%clk 1:31:37]} 4. cxd5
{[%clk 1:32:14]} exd5 {[%clk 1:31:58]} 5. Nc3 {[%clk 1:32:33]} Nf6
{[%clk 1:32:20]} 6. Bg5 {[%clk 1:32:58]} Be6 {[%clk 1:32:35]} 7. e3
{[%clk 1:32:23]} Nbd7 {[%clk 1:32:42]} 8. Bd3 {[%clk 1:32:28]} c6
{[%clk 1:32:11]} 9. O-O {[%clk 1:32:29]} Bd6 {[%clk 1:32:16]} 10. Qc2
{[%clk 1:27:24]} Qc7 {[%clk 1:31:43]} 11. Bh4 {[%clk 1:13:33]} Bg4
{[%clk 1:29:09]} 12. Bg3 {[%clk 1:12:14]} Bxf3 {[%clk 1:27:10]} 13. gxf3
{[%clk 1:12:30]} O-O {[%clk 1:12:55]} 14. e4 {[%clk 1:08:01]} Bxg3
{[%clk 1:08:00]} 15. hxg3 {[%clk 1:07:36]} h6 {[%clk 1:04:29]} 16. e5
{[%clk 1:00:25]} Ne8 {[%clk 1:04:00]} 17. Kg2 {[%clk 0:54:48]} Nb6
{[%clk 0:49:54]} 18. a4 {[%clk 0:50:31]} a5 {[%clk 0:40:29]} 19. Rh1
{[%clk 0:43:45]} Qe7 {[%clk 0:38:25]} 20. Qd2 {[%clk 0:35:52]} f5
{[%clk 0:31:04]} 21. Ne2 {[%clk 0:28:36]} c5 {[%clk 0:22:55]} 22. Rh5
{[%clk 0:23:41]} Nc4 {[%clk 0:20:12]} 23. Qc2 {[%clk 0:15:35]} cxd4
{[%clk 0:19:14]} 24. Bxc4 {[%clk 0:14:42]} dxc4 {[%clk 0:18:22]} 25. Qxc4+
{[%clk 0:14:59]} Kh7 {[%clk 0:17:33]} 26. Nxd4 {[%clk 0:12:37]} Qxe5
{[%clk 0:14:28]} 27. Ne6 {[%clk 0:08:08]} Rf6 {[%clk 0:13:08]} 28. Ng5+
{[%clk 0:05:03]} Kg6 {[%clk 0:12:59]} 29. Rxh6+ {[%clk 0:02:22]} Kxh6
{[%clk 0:12:16]} 30. Rh1+ {[%clk 0:02:06]} Kg6 {[%clk 0:12:06]} 31. Qg8
{[%clk 0:02:12]} Rf8 {[%clk 0:11:32]} 32. Qxf8 {[%clk 0:01:41]} Qf6
{[%clk 0:11:24]} 33. Qxf6+ {[%clk 0:00:37]} Nxf6 {[%clk 0:10:54]} 34. Ne6
{[%clk 0:00:42]} Rc8 {[%clk 0:11:21]} 35. Rb1 {[%clk 0:00:34]} Rc4
{[%clk 0:09:40]} 36. b3 {[%clk 0:00:51]} Rb4 {[%clk 0:09:33]} 37. Nf4+
{[%clk 0:01:08]} Kf7 {[%clk 0:09:44]} 38. Nd3 {[%clk 0:01:11]} Rd4
{[%clk 0:09:36]} 39. Ne5+ {[%clk 0:01:38]} Kg8 {[%clk 0:08:59]} 40. Nc4
{[%clk 0:01:17]} Rd5 {[%clk 0:08:59]} 41. Ne3 {[%clk 0:01:04]} Rc5
{[%clk 0:07:50]} 42. b4 {[%clk 0:01:10]} axb4 {[%clk 0:07:48]} 43. Rxb4
{[%clk 0:01:38]} Ra5 {[%clk 0:07:59]} 44. Nc4 {[%clk 0:00:59]} Ra6
{[%clk 0:06:34]} 45. Ne5 {[%clk 0:00:37]} Nd5 {[%clk 0:05:31]} 46. Rxb7
{[%clk 0:00:35]} Rxa4 {[%clk 0:05:50]} 47. Nd3 {[%clk 0:00:34]} Ra3
{[%clk 0:05:00]} 48. Nc5 {[%clk 0:00:38]} Nf6 {[%clk 0:03:28]} 49. Ne6
{[%clk 0:00:47]} Nh5 {[%clk 0:03:09]} 50. g4 {[%clk 0:00:43]} fxg4
{[%clk 0:02:28]} 51. fxg4 {[%clk 0:01:10]} Ra6 {[%clk 0:02:25]} 52. Rb8+
{[%clk 0:00:42]} Kf7 {[%clk 0:02:23]} 53. Nd8+ {[%clk 0:01:01]} Kg6
{[%clk 0:02:45]} 54. gxh5+ {[%clk 0:01:26]} Kxh5 {[%clk 0:03:10]} 55. Rb5+
{[%clk 0:01:27]} Kg6 {[%clk 0:03:26]} 56. Kg3 {[%clk 0:01:24]} Kf6
{[%clk 0:03:34]} 57. Nb7 {[%clk 0:00:58]} Kg6 {[%clk 0:03:26]} 58. Nc5
{[%clk 0:01:12]} Rc6 {[%clk 0:03:43]} 59. Nd7 {[%clk 0:01:22]} Rd6
{[%clk 0:04:02]} 60. Ne5+ {[%clk 0:01:44]} Kh7 {[%clk 0:04:21]} 61. f4
{[%clk 0:02:03]} Ra6 {[%clk 0:04:23]} 62. Kg4 {[%clk 0:02:18]} Ra1
{[%clk 0:04:37]} 63. Nf3 {[%clk 0:01:49]} Ra6 {[%clk 0:04:53]} 64. f5
{[%clk 0:01:42]} Ra4+ {[%clk 0:05:10]} 65. Kh5 {[%clk 0:01:57]} Ra8
{[%clk 0:05:17]} 66. Ng5+ {[%clk 0:02:19]} Kg8 {[%clk 0:05:35]} 67. Re5
{[%clk 0:02:25]} Rf8 {[%clk 0:05:56]} 68. Kg4 {[%clk 0:02:31]} Ra8
{[%clk 0:05:48]} 69. Re7 {[%clk 0:02:46]} Kf8 {[%clk 0:06:06]} 70. Rf7+
{[%clk 0:02:41]} Kg8 {[%clk 0:06:31]} 71. Rb7 {[%clk 0:02:53]} Kh8
{[%clk 0:06:12]} 72. Ne6 {[%clk 0:02:38]} Ra1 {[%clk 0:05:44]} 73. Rb8+
{[%clk 0:02:52]} 1-0

[Event "EYCC 2024 - G14"]
[Site "?"]
[Date "2024.08.30"]
[Round "8.3"]
[White "Huseynova, Lala"]
[Black "Bashirli, Saadat"]
[Result "1/2-1/2"]
[BlackElo "1894"]
[WhiteElo "1984"]
[LiveChessVersion "1.4.8"]

1. e4 {[%clk 1:30:58]} c5 {[%clk 1:30:53]} 2. Nf3 Nc6 3. d4 {[%clk 1:31:27]} cxd4
{[%clk 1:31:40]} 4. Nxd4 {[%clk 1:31:50]} g6 {[%clk 1:31:56]} 5. c4
{[%clk 1:31:55]} Nf6 {[%clk 1:32:12]} 6. Nc3 {[%clk 1:32:18]} Nxd4
{[%clk 1:32:33]} 7. Qxd4 {[%clk 1:32:42]} d6 {[%clk 1:32:50]} 8. Be2
{[%clk 1:32:20]} Bg7 {[%clk 1:33:09]} 9. Be3 {[%clk 1:32:32]} Be6
{[%clk 1:32:38]} 10. O-O {[%clk 1:27:01]} O-O {[%clk 1:31:43]} 11. Qd3
{[%clk 1:21:42]} Nd7 {[%clk 1:27:02]} 12. Bd4 {[%clk 1:18:37]} Nc5
{[%clk 1:26:39]} 13. Qe3 {[%clk 1:17:19]} Bxd4 {[%clk 1:26:53]} 14. Qxd4
{[%clk 1:17:45]} Qb6 {[%clk 1:27:22]} 15. b3 {[%clk 1:13:42]} Na4
{[%clk 1:22:19]} 16. Qxb6 {[%clk 1:02:46]} Nxb6 {[%clk 1:22:47]} 17. f4
{[%clk 1:00:56]} f6 {[%clk 1:14:47]} 18. Bf3 {[%clk 0:48:28]} Rab8
{[%clk 1:08:49]} 19. Rfe1 {[%clk 0:45:58]} Nd7 {[%clk 1:05:35]} 20. Rad1
{[%clk 0:35:07]} a6 {[%clk 1:00:49]} 21. a4 {[%clk 0:34:05]} b6 {[%clk 0:49:34]}
22. Ne2 {[%clk 0:31:00]} Bf7 {[%clk 0:47:46]} 23. Nd4 {[%clk 0:29:12]} Rfe8
{[%clk 0:42:27]} 24. Nc6 {[%clk 0:24:20]} Rbc8 {[%clk 0:28:29]} 25. Bg4
{[%clk 0:16:03]} Rc7 {[%clk 0:22:25]} 26. Bxd7 {[%clk 0:11:38]} Rxd7
{[%clk 0:22:37]} 27. e5 {[%clk 0:11:30]} Rc7 {[%clk 0:18:17]} 28. Nb4
{[%clk 0:11:10]} dxe5 {[%clk 0:16:51]} 29. fxe5 {[%clk 0:06:38]} a5
{[%clk 0:15:40]} 30. Nc2 {[%clk 0:04:55]} fxe5 {[%clk 0:10:25]} 31. Rxe5
{[%clk 0:05:14]} h6 {[%clk 0:09:38]} 32. h4 {[%clk 0:04:03]} Kh7 {[%clk 0:07:44]}
33. Ne3 {[%clk 0:03:04]} Kg7 {[%clk 0:06:12]} 34. Ng4 {[%clk 0:02:24]} Rec8
{[%clk 0:04:45]} 35. Rde1 {[%clk 0:02:02]} e6 {[%clk 0:04:18]} 36. Rd1
{[%clk 0:01:08]} Rb8 {[%clk 0:03:54]} 37. Kf2 {[%clk 0:00:41]} h5
{[%clk 0:02:08]} 38. Nh2 {[%clk 0:00:58]} Rc5 {[%clk 0:02:28]} 39. Nf3
{[%clk 0:01:09]} Kf6 {[%clk 0:02:28]} 40. Re4 {[%clk 0:01:04]} Rf5
{[%clk 0:01:28]} 41. Kg3 {[%clk 0:00:58]} Rc5 {[%clk 0:00:55]} 42. Ng5
{[%clk 0:00:52]} Ke7 {[%clk 0:00:41]} 43. Red4 Rc7 {[%clk 0:00:38]} 44. Rd6
{[%clk 0:00:39]} Bg8 {[%clk 0:00:48]} 45. Nf3 {[%clk 0:00:56]} Kf6
{[%clk 0:00:49]} 46. Nd4 {[%clk 0:01:02]} Rc5 {[%clk 0:00:44]} 47. Nb5
{[%clk 0:00:34]} g5 {[%clk 0:00:57]} 48. Rd7 {[%clk 0:00:49]} gxh4+
{[%clk 0:00:46]} 49. Kxh4 {[%clk 0:01:03]} Kg6 {[%clk 0:00:52]} 50. Rf1
{[%clk 0:00:59]} Re5 {[%clk 0:00:53]} 51. Rf3 {[%clk 0:00:55]} Re4+
{[%clk 0:01:12]} 52. Kh3 {[%clk 0:01:14]} Rg4 {[%clk 0:00:56]} 53. Nd4
{[%clk 0:01:07]} Rc8 {[%clk 0:00:44]} 54. Rd6 {[%clk 0:01:29]} Re8
{[%clk 0:00:43]} 55. Nc6 {[%clk 0:01:15]} Kg5 {[%clk 0:00:49]} 56. Ne5
{[%clk 0:00:45]} Rh4+ {[%clk 0:01:01]} 57. Kg3 {[%clk 0:01:14]} Re4
{[%clk 0:01:11]} 58. Nd7 {[%clk 0:01:17]} Rg4+ {[%clk 0:00:57]} 59. Kf2
{[%clk 0:01:08]} Rd8 {[%clk 0:01:15]} 60. Rfd3 {[%clk 0:01:14]} Bh7
{[%clk 0:01:19]} 61. Rd2 {[%clk 0:01:33]} Rg8 {[%clk 0:00:51]} 62. Ne5
{[%clk 0:00:33]} Rf4+ {[%clk 0:00:43]} 63. Nf3+ {[%clk 0:00:58]} Kf6
{[%clk 0:00:40]} 64. Rxb6 {[%clk 0:01:06]} Be4 {[%clk 0:00:37]} 65. Ke3
{[%clk 0:01:00]} Rfg4 {[%clk 0:00:41]} 66. c5 {[%clk 0:00:37]} h4
{[%clk 0:00:44]} 67. c6 {[%clk 0:00:36]} Rc8 {[%clk 0:00:34]} 68. Rd6
{[%clk 0:00:34]} Bd5 {[%clk 0:00:35]} 69. c7 {[%clk 0:00:34]} Ke7
{[%clk 0:00:40]} 70. Rd8 {[%clk 0:00:33]} Rxc7 {[%clk 0:00:51]} 71. Rh8
{[%clk 0:00:56]} Kf6 {[%clk 0:00:39]} 72. Nxh4 {[%clk 0:00:52]} Kg7
{[%clk 0:00:40]} 73. Rh5 {[%clk 0:01:15]} Rc3+ {[%clk 0:00:56]} 74. Kf2
{[%clk 0:01:08]} Rc2+ {[%clk 0:01:13]} 75. Ke3 {[%clk 0:01:16]} Rc3+
{[%clk 0:01:30]} 76. Kf2 {[%clk 0:01:35]} Rc2+ {[%clk 0:00:41]} 77. Ke3
{[%clk 0:01:54]} Rc3+ {[%clk 0:00:38]} 78. Kf2 {[%clk 0:02:06]} Rc2+
{[%clk 0:00:41]} 79. Ke3 {[%clk 0:02:09]} Rc3+ {[%clk 0:00:41]} 1/2-1/2

[Event "EYCC 2024 - G14"]
[Site "?"]
[Date "2024.08.30"]
[Round "8.4"]
[White "Aghaverdiyeva, Maryam"]
[Black "Nahapetyan, Ani"]
[Result "0-1"]
[BlackElo "1637"]
[WhiteElo "1972"]
[LiveChessVersion "1.4.8"]

1. e4 {[%clk 1:30:56]} c5 {[%clk 1:30:56]} 2. c3 {[%clk 1:31:05]} Nf6
{[%clk 1:31:20]} 3. e5 {[%clk 1:31:29]} Nd5 {[%clk 1:31:45]} 4. Bc4
{[%clk 1:31:52]} Nb6 {[%clk 1:30:57]} 5. Bb3 {[%clk 1:32:15]} c4 {[%clk 1:29:45]}
6. Bc2 {[%clk 1:32:41]} Nc6 {[%clk 1:28:57]} 7. Nf3 {[%clk 1:33:03]} d6
{[%clk 1:27:40]} 8. exd6 {[%clk 1:33:04]} Qxd6 {[%clk 1:26:58]} 9. O-O
{[%clk 1:33:05]} g6 {[%clk 1:20:54]} 10. Qe2 {[%clk 1:32:28]} Bg7
{[%clk 1:16:14]} 11. b3 {[%clk 1:32:27]} cxb3 {[%clk 1:12:34]} 12. axb3
{[%clk 1:32:27]} O-O {[%clk 1:11:53]} 13. d4 {[%clk 1:30:53]} Re8
{[%clk 1:10:33]} 14. Rd1 {[%clk 1:24:23]} Qc7 {[%clk 1:08:15]} 15. Na3
{[%clk 1:21:30]} a6 {[%clk 1:07:33]} 16. Bg5 {[%clk 1:15:59]} Nd5
{[%clk 1:05:12]} 17. Qd2 {[%clk 1:06:17]} Bg4 {[%clk 1:03:43]} 18. Be4
{[%clk 1:04:23]} Nf6 {[%clk 1:01:54]} 19. Bxf6 {[%clk 1:02:57]} exf6
{[%clk 0:56:07]} 20. Re1 {[%clk 0:56:31]} f5 {[%clk 0:54:35]} 21. Bxc6
{[%clk 0:55:38]} bxc6 {[%clk 0:48:40]} 22. Qd3 {[%clk 0:53:47]} f4
{[%clk 0:40:45]} 23. Nc4 {[%clk 0:50:06]} Re7 {[%clk 0:32:27]} 24. b4
{[%clk 0:46:37]} Rae8 {[%clk 0:28:28]} 25. Rxe7 {[%clk 0:46:15]} Qxe7
{[%clk 0:26:07]} 26. Nfe5 {[%clk 0:42:07]} Qg5 {[%clk 0:22:09]} 27. Nd6
{[%clk 0:24:32]} Re7 {[%clk 0:20:47]} 28. Ne4 {[%clk 0:18:12]} Qf5
{[%clk 0:19:20]} 29. f3 {[%clk 0:10:38]} Bxe5 {[%clk 0:16:26]} 30. Ra5
{[%clk 0:05:11]} Qc8 {[%clk 0:13:25]} 31. dxe5 {[%clk 0:03:32]} Bf5
{[%clk 0:12:19]} 32. Nf6+ {[%clk 0:03:13]} Kg7 {[%clk 0:12:08]} 33. Qd4
{[%clk 0:03:16]} Be6 {[%clk 0:09:07]} 34. Qxf4 {[%clk 0:02:45]} Qd8
{[%clk 0:09:32]} 35. Ne4 {[%clk 0:01:15]} Qd1+ {[%clk 0:08:59]} 36. Kf2
{[%clk 0:01:42]} Rd7 {[%clk 0:08:40]} 37. Qe3 {[%clk 0:00:32]} Bc4
{[%clk 0:08:21]} 38. Nd6 {[%clk 0:00:33]} Qc2+ {[%clk 0:05:44]} 39. Kg3
{[%clk 0:00:51]} Bf1 {[%clk 0:05:55]} 40. Qf2 {[%clk 0:00:54]} Qc1
{[%clk 0:05:14]} 41. h4 {[%clk 0:00:39]} Bd3 {[%clk 0:04:37]} 42. Rc5
{[%clk 0:00:33]} Re7 {[%clk 0:02:52]} 43. Qd4 {[%clk 0:00:33]} Qe1+
{[%clk 0:02:48]} 44. Kh2 {[%clk 0:01:02]} Bf1 {[%clk 0:02:48]} 45. Qg4
{[%clk 0:00:31]} Rxe5 {[%clk 0:02:06]} 46. Qd4 {[%clk 0:00:34]} f6
{[%clk 0:02:17]} 47. Ne4 {[%clk 0:00:31]} Qe2 {[%clk 0:01:45]} 48. Qd7+
{[%clk 0:00:33]} Kh6 {[%clk 0:02:09]} 49. Qh3 {[%clk 0:00:31]} Rxc5
{[%clk 0:01:57]} 50. bxc5 {[%clk 0:00:37]} f5 {[%clk 0:01:56]} 51. Ng3
{[%clk 0:00:50]} Qe5 {[%clk 0:02:19]} 52. h5 {[%clk 0:01:08]} Kg7
{[%clk 0:02:05]} 53. Qh4 {[%clk 0:00:33]} Bb5 {[%clk 0:02:08]} 54. h6+
{[%clk 0:00:34]} Kf7 {[%clk 0:02:32]} 55. Qd8 {[%clk 0:00:51]} Qe7
{[%clk 0:02:50]} 0-1

[Event "EYCC 2024 - G14"]
[Site "?"]
[Date "2024.08.30"]
[Round "8.5"]
[White "Smietanska, Wiktoria"]
[Black "Jimenez Carrazoni, Marta Elena"]
[Result "0-1"]
[BlackElo "1946"]
[WhiteElo "2143"]
[LiveChessVersion "1.4.8"]

1. e4 {[%clk 1:30:58]} c6 {[%clk 1:30:54]} 2. Nc3 {[%clk 1:31:21]} d5
{[%clk 1:31:05]} 3. Nf3 {[%clk 1:31:45]} Bg4 {[%clk 1:31:24]} 4. h3
{[%clk 1:32:05]} Bxf3 {[%clk 1:31:49]} 5. Qxf3 {[%clk 1:32:31]} e6
{[%clk 1:32:13]} 6. d3 {[%clk 1:32:51]} Nd7 {[%clk 1:32:20]} 7. Be2
{[%clk 1:32:42]} g6 {[%clk 1:32:23]} 8. Qg3 {[%clk 1:29:04]} Bg7 {[%clk 1:32:18]}
9. O-O {[%clk 1:27:55]} Qb6 {[%clk 1:29:34]} 10. a4 {[%clk 1:21:42]} Ne7
{[%clk 1:17:00]} 11. Kh1 {[%clk 1:18:54]} O-O {[%clk 1:11:07]} 12. a5
{[%clk 1:09:02]} Qd8 {[%clk 1:08:20]} 13. f4 {[%clk 1:06:33]} c5 {[%clk 0:55:09]}
14. Bf3 {[%clk 0:57:09]} Nb8 {[%clk 0:53:03]} 15. Ne2 Nbc6 {[%clk 0:52:30]} 16.
Qf2 {[%clk 0:44:05]} b6 {[%clk 0:45:00]} 17. axb6 {[%clk 0:38:27]} axb6
{[%clk 0:43:36]} 18. Rxa8 {[%clk 0:38:39]} Qxa8 {[%clk 0:44:01]} 19. c3
{[%clk 0:37:24]} Rd8 {[%clk 0:35:52]} 20. e5 {[%clk 0:32:03]} Qa6
{[%clk 0:33:02]} 21. Rd1 {[%clk 0:30:55]} d4 {[%clk 0:29:52]} 22. Be4
{[%clk 0:27:56]} Qa4 {[%clk 0:25:45]} 23. Qe1 {[%clk 0:26:08]} Nd5
{[%clk 0:19:47]} 24. Bd2 {[%clk 0:22:10]} Ra8 {[%clk 0:14:20]} 25. Rb1
{[%clk 0:16:28]} Qa7 {[%clk 0:08:16]} 26. cxd4 {[%clk 0:12:22]} Nxd4
{[%clk 0:06:16]} 27. Nxd4 {[%clk 0:12:41]} cxd4 {[%clk 0:06:41]} 28. Bxd5
{[%clk 0:08:00]} exd5 {[%clk 0:07:05]} 29. Qd1 {[%clk 0:07:44]} Bf8
{[%clk 0:06:16]} 30. Rc1 {[%clk 0:07:05]} Qa6 {[%clk 0:05:53]} 31. Qb3
{[%clk 0:06:59]} Rc8 {[%clk 0:03:06]} 32. Rxc8 {[%clk 0:04:27]} Qxc8
{[%clk 0:03:31]} 33. Qa4 {[%clk 0:03:36]} Qc5 {[%clk 0:02:21]} 34. Kg1
{[%clk 0:03:25]} b5 {[%clk 0:02:03]} 35. Qb3 {[%clk 0:03:43]} Be7
{[%clk 0:02:09]} 36. Kf2 {[%clk 0:02:57]} Kg7 {[%clk 0:02:08]} 37. Ke2
{[%clk 0:02:25]} Qc6 {[%clk 0:02:09]} 38. Kd1 {[%clk 0:02:25]} h5
{[%clk 0:02:02]} 39. Qa2 {[%clk 0:02:23]} Qb7 {[%clk 0:01:23]} 40. Qa5
{[%clk 0:02:40]} Qc6 {[%clk 0:01:25]} 41. Qa7 {[%clk 0:01:34]} Bc5
{[%clk 0:01:14]} 42. Qa5 {[%clk 0:01:41]} Be7 {[%clk 0:01:30]} 43. Be1
{[%clk 0:01:42]} Qc5 {[%clk 0:01:39]} 44. Qa8 {[%clk 0:01:27]} b4
{[%clk 0:01:16]} 45. Qa4 {[%clk 0:01:18]} Qb6 {[%clk 0:01:22]} 46. Qd7
{[%clk 0:00:54]} Qc5 {[%clk 0:01:35]} 47. Qb7 {[%clk 0:01:09]} Kg8
{[%clk 0:01:19]} 48. Bf2 {[%clk 0:00:44]} Kg7 {[%clk 0:01:29]} 49. g4
{[%clk 0:00:35]} hxg4 {[%clk 0:01:41]} 50. hxg4 {[%clk 0:01:04]} Kf8
{[%clk 0:01:23]} 51. f5 {[%clk 0:01:04]} Bg5 {[%clk 0:01:17]} 52. Qa8+
{[%clk 0:00:35]} Kg7 {[%clk 0:01:34]} 53. f6+ {[%clk 0:01:03]} Kh7
{[%clk 0:01:53]} 54. Qa1 {[%clk 0:00:38]} b3 {[%clk 0:02:06]} 55. Qb1
{[%clk 0:00:36]} Qa5 {[%clk 0:02:13]} 56. Ke2 {[%clk 0:00:44]} Qd2+
{[%clk 0:01:48]} 57. Kf3 {[%clk 0:00:34]} Qf4+ {[%clk 0:02:01]} 58. Kg2
{[%clk 0:00:54]} Qxg4+ {[%clk 0:02:17]} 59. Kh1 {[%clk 0:00:32]} Bf4
{[%clk 0:02:03]} 60. Qf1 {[%clk 0:00:31]} Bxe5 {[%clk 0:02:11]} 61. Qe1
{[%clk 0:00:33]} Qh3+ {[%clk 0:02:23]} 62. Kg1 {[%clk 0:00:58]} Bh2+
{[%clk 0:02:33]} 63. Kh1 {[%clk 0:01:24]} Bg3+ {[%clk 0:02:45]} 64. Kg1
{[%clk 0:01:50]} Qh2+ {[%clk 0:02:20]} 65. Kf1 {[%clk 0:02:17]} Qxf2+
{[%clk 0:02:14]} 66. Qxf2 {[%clk 0:02:42]} Bxf2 {[%clk 0:02:42]} 67. Kxf2
{[%clk 0:03:08]} g5 {[%clk 0:03:07]} 68. Kf3 {[%clk 0:03:34]} Kg6
{[%clk 0:03:31]} 0-1

[Event "EYCC 2024 - G14"]
[Site "?"]
[Date "2024.08.30"]
[Round "8.6"]
[White "Beber, Anja"]
[Black "Bernard, Ines"]
[Result "1/2-1/2"]
[BlackElo "2005"]
[WhiteElo "1877"]
[LiveChessVersion "1.4.8"]

1. Nf3 {[%clk 1:30:55]} d5 {[%clk 1:30:50]} 2. e3 {[%clk 1:31:14]} Nf6
{[%clk 1:30:28]} 3. c4 {[%clk 1:31:33]} c6 {[%clk 1:30:39]} 4. Nc3
{[%clk 1:31:46]} e6 {[%clk 1:27:51]} 5. b3 {[%clk 1:31:53]} Nbd7 {[%clk 1:26:50]}
6. Bb2 {[%clk 1:31:55]} Bd6 {[%clk 1:25:25]} 7. d4 {[%clk 1:32:02]} O-O
{[%clk 1:24:32]} 8. Be2 {[%clk 1:31:52]} Re8 {[%clk 1:23:57]} 9. O-O
{[%clk 1:31:32]} a6 {[%clk 1:22:17]} 10. a4 {[%clk 1:23:59]} e5 {[%clk 1:20:01]}
11. dxe5 {[%clk 1:14:57]} Nxe5 {[%clk 1:20:25]} 12. cxd5 {[%clk 1:15:12]} cxd5
{[%clk 1:20:46]} 13. Nxd5 {[%clk 1:12:01]} Nxd5 {[%clk 1:12:40]} 14. Qxd5
{[%clk 1:09:15]} Be6 {[%clk 1:12:08]} 15. Qxb7 {[%clk 0:59:07]} Rb8
{[%clk 1:11:53]} 16. Qe4 {[%clk 0:58:45]} Nxf3+ {[%clk 1:07:41]} 17. Bxf3
{[%clk 0:56:20]} Rxb3 {[%clk 1:06:30]} 18. Qd4 {[%clk 0:55:28]} Bxh2+
{[%clk 1:03:05]} 19. Kh1 {[%clk 0:51:25]} Rxb2 {[%clk 1:02:24]} 20. Qxd8
{[%clk 0:51:16]} Rxd8 {[%clk 1:02:53]} 21. Kxh2 {[%clk 0:51:37]} g6
{[%clk 1:02:17]} 22. Kg3 {[%clk 0:48:22]} Rc8 {[%clk 0:51:21]} 23. Rfc1
{[%clk 0:43:37]} Rxc1 {[%clk 0:48:28]} 24. Rxc1 {[%clk 0:43:59]} Ra2
{[%clk 0:48:11]} 25. Bd1 {[%clk 0:44:10]} h5 {[%clk 0:40:01]} 26. Rc6
{[%clk 0:29:49]} h4+ {[%clk 0:40:25]} 27. Kxh4 {[%clk 0:30:02]} Rxf2
{[%clk 0:40:50]} 28. Kg3 {[%clk 0:29:43]} Rd2 {[%clk 0:37:32]} 29. Bf3
{[%clk 0:29:00]} Rd3 {[%clk 0:30:46]} 30. Kf4 {[%clk 0:29:12]} Kg7
{[%clk 0:29:05]} 31. Rxa6 {[%clk 0:29:27]} g5+ {[%clk 0:27:54]} 32. Kxg5
{[%clk 0:28:32]} Rxe3 {[%clk 0:28:19]} 33. Kf4 {[%clk 0:28:27]} Ra3
{[%clk 0:25:33]} 34. a5 {[%clk 0:28:38]} Kf6 {[%clk 0:25:26]} 35. Ra8
{[%clk 0:22:21]} Ra4+ {[%clk 0:25:52]} 36. Ke3 {[%clk 0:22:38]} Ke5
{[%clk 0:24:55]} 37. a6 {[%clk 0:13:25]} Ra3+ {[%clk 0:25:18]} 38. Kf2
{[%clk 0:13:42]} Kd6 {[%clk 0:23:43]} 39. a7 {[%clk 0:12:47]} Kc7
{[%clk 0:23:53]} 40. Ke2 {[%clk 0:11:21]} Kd7 {[%clk 0:20:02]} 41. Kf2
{[%clk 0:11:22]} Kc7 {[%clk 0:20:24]} 42. Kg3 {[%clk 0:11:44]} Ra4
{[%clk 0:19:46]} 43. Bd1 {[%clk 0:11:25]} Ra1 {[%clk 0:20:08]} 44. Kf4
{[%clk 0:11:27]} Bd5 {[%clk 0:14:37]} 45. Rf8 {[%clk 0:11:33]} 1/2-1/2